01669pam a2200397Ia 4500001001200000003000800012006001900020007001500039008004100054010001700095020001500112020001500127020001800142020003400160020004100194040002100235035002100256050002900277082002100306100002600327245015100353260006000504300002600564490003700590500011800627504005100745533015200796650003500948650003700983655002901020700002501049710001601074710001701090830003801107856012601145ebr10146802CaPaEBRm u cr cn|||||||||060823s2007 caua sb i001 0 eng d z 2006028046 z0821365436 z0821365444 z9780821365441 z9780804757188 (North America) z9780804757195 (North America ; pbk.) aCaPaEBRcCaPaEBR a(OCoLC)56048302514aHG5160.5.A3bT675 2007eb04a332/.04150982221 aTorre, Augusto de la.10aEmerging capital markets and globalizationh[electronic resource] :bthe Latin American experience /cAugusto de la Torre and Sergio L. Schmukler. aPalo Alto, Calif. :bStanford University Press,cc2007. axviii, 209 p. :bill.1 aLatin American development forum a"A copublication of Stanford Economics and Finance, an imprint of Stanford University Press, and the World Bank." aIncludes bibliographical references and index. aElectronic reproduction.bPalo Alto, Calif. :cebrary,d2009.nAvailable via World Wide Web.nAccess may be limited to ebrary affiliated libraries. 0aCapital marketzLatin America. 0aGlobalizationxEconomic aspects. 7aElectronic books.2local1 aSchmukler, Sergio L.2 aWorld Bank.2 aebrary, Inc. 0aLatin American development forum.40uhttp://site.ebrary.com/lib/rucke/Doc?id=10146802zAn electronic book accessible through the World Wide Web; click to view